00165nam a2200073Ia 4500100002300000245003200023260002800055300000800083 aSen/ Bhattacharya  aPrinciples of Metal Cutting bNew central book agency a641